000 00687nam a2200289Ia 4500
005 20260324142752.0
008 008 260324s9999 xx 000 0 eng d
020 _a9780203427125
037 _aEBOOK
040 _aCRL
040 _beng
040 _cCRL
041 _2eng
041 _aeng
084 _qCRL
100 _aAndrew Duff; Roy Pryce; John Pinder
_91213174
245 0 _aMaastricht and Beyond
245 0 _bBuilding a European Union
260 _bTaylor and Francis
260 _c1994
365 _a
365 _b300
856 _uhttp://www.taylorfrancis.com/books/9780203427125
942 _cEBOOK
999 _c1817748
_d1817748